[Event "Tradewise Gibraltar 2014 - Masters"]
[Site "Gibraltar ENG"]
[Date "2014.02.01"]
[Round "5.1"]
[White "Li, Chao B"]
[Black "Rodshtein, Maxim"]
[Result "1/2-1/2"]
[WhiteElo "2680"]
[BlackElo "2682"]
[PlyCount "84"]
[EventDate "2014.01.28"]
[EventRounds "10"]
[EventCountry "ENG"]
[Source "lmi"]
[SourceDate "2014.01.28"]

1. d4 d5 2. c4 c6 3. cxd5 cxd5 4. Bf4 Nc6 5. e3 Nf6 6. Nc3 Bf5 7. Qb3 Na5 8.
Qa4+ Bd7 9. Qc2 e6 10. Bd3 Be7 11. h3 Rc8 12. Nf3 b5 13. a3 O-O 14. O-O Be8 15.
Qe2 a6 16. Rac1 Nc4 17. e4 dxe4 18. Nxe4 Bc6 19. b3 Bxe4 20. Bxe4 Na5 21. Rxc8
Qxc8 22. Rc1 Qd7 23. Rc7 Qd8 24. Ra7 Nxb3 25. Be5 Nxe4 26. Qxe4 Bd6 27. Rxa6
Bxe5 28. Qxe5 Qb8 29. Qe4 h6 30. Ne5 Qc8 31. Rc6 Qd8 32. Nf3 Qa8 33. d5 exd5
34. Qxd5 Qxa3 35. Rc7 b4 36. Kh2 Qa5 37. Qd6 Qb5 38. Ne5 Qe2 39. Qd5 Qd2 40.
Qxb3 Qd6 41. Rxf7 Qxe5+ 42. f4 Qc3 1/2-1/2

[Event "Tradewise Gibraltar 2014 - Masters"]
[Site "Gibraltar ENG"]
[Date "2014.02.01"]
[Round "5.4"]
[White "Vitiugov, Nikita"]
[Black "Spraggett, Kevin"]
[Result "1-0"]
[WhiteElo "2737"]
[BlackElo "2544"]
[PlyCount "89"]
[EventDate "2014.01.28"]
[EventRounds "10"]
[EventCountry "ENG"]
[Source "lmi"]
[SourceDate "2014.01.28"]

1. d4 Nf6 2. c4 e6 3. Nc3 Bb4 4. Qc2 Nc6 5. Nf3 d6 6. Bd2 O-O 7. a3 Bxc3 8.
Bxc3 Re8 9. Rd1 Qe7 10. e3 a5 11. b3 e5 12. d5 Nb8 13. Nd2 c6 14. e4 Nbd7 15.
Be2 Nf8 16. h4 Bd7 17. Qd3 Qd8 18. Qe3 Ng6 19. g3 h6 20. O-O cxd5 21. cxd5 b5
22. Rc1 Ng4 23. Qd3 Rb8 24. Kg2 Nf6 25. b4 a4 26. Nb1 Nh7 27. h5 Ne7 28. g4 Nc8
29. Bd2 Nb6 30. Qg3 Ng5 31. f3 Rc8 32. Be3 Rxc1 33. Rxc1 Qb8 34. Qf2 Na8 35.
Bd3 Qb7 36. Qd2 f6 37. Nc3 Nf7 38. Bf2 Rc8 39. Qe3 Rc7 40. Ne2 Rxc1 41. Nxc1
Kf8 42. Ne2 Ke8 43. Nc3 Nd8 44. Qa7 Nc7 45. Qb6 1-0

[Event "Tradewise Gibraltar 2014 - Masters"]
[Site "Gibraltar ENG"]
[Date "2014.02.01"]
[Round "5.6"]
[White "Salgado Lopez, Ivan"]
[Black "Harikrishna, Penteala"]
[Result "0-1"]
[WhiteElo "2597"]
[BlackElo "2706"]
[PlyCount "66"]
[EventDate "2014.01.28"]
[EventRounds "10"]
[EventCountry "ENG"]
[Source "lmi"]
[SourceDate "2014.01.28"]

1. e4 e5 2. Nf3 Nc6 3. d4 exd4 4. Nxd4 Nf6 5. Nxc6 bxc6 6. e5 Qe7 7. Qe2 Nd5 8.
c4 Ba6 9. Nd2 g6 10. Nf3 Nb6 11. b3 Bg7 12. g3 O-O 13. Bg2 f6 14. e6 f5 15. Bg5
Qb4+ 16. Bd2 Qa3 17. exd7 Bxa1 18. O-O Bf6 19. Qe6+ Rf7 20. Ng5 Qe7 21. Qxf7+
Qxf7 22. Nxf7 Kxf7 23. Bxc6 Rd8 24. Bh6 g5 25. f4 g4 26. Rd1 Ke7 27. Re1+ Kd6
28. Bg2 Kxd7 29. c5 Bd4+ 30. Kh1 Bxc5 31. Bg5 Re8 32. Bc6+ Kxc6 33. Rxe8 Bb7
0-1

[Event "Tradewise Gibraltar 2014 - Masters"]
[Site "Gibraltar ENG"]
[Date "2014.02.01"]
[Round "5.7"]
[White "Edouard, Romain"]
[Black "Rapport, Richard"]
[Result "0-1"]
[WhiteElo "2658"]
[BlackElo "2691"]
[PlyCount "72"]
[EventDate "2014.01.28"]
[EventRounds "10"]
[EventCountry "ENG"]
[Source "lmi"]
[SourceDate "2014.01.28"]

1. Nf3 e6 2. c4 f5 3. g3 Nf6 4. Bg2 Be7 5. O-O O-O 6. d3 d5 7. Qc2 Nc6 8. a3 a5
9. cxd5 exd5 10. Nc3 Kh8 11. Nb5 Bd7 12. Bf4 Rc8 13. Rab1 Nh5 14. Bd2 f4 15. b4
axb4 16. axb4 fxg3 17. hxg3 Bg4 18. Bc3 Qd7 19. Nbd4 Nxd4 20. Bxd4 Bd6 21. Bc5
Bh3 22. Bxd6 cxd6 23. Qd1 Rf6 24. Nh2 Bxg2 25. Kxg2 Nf4+ 26. gxf4 Rh6 27. f5
Qxf5 28. f4 Qg6+ 29. Kf2 Rxh2+ 30. Ke1 Qg3+ 31. Kd2 d4 32. Qe1 Qe3+ 33. Kd1 Re8
34. Rb2 Ra8 35. Rb1 Ra2 36. Rc1 Qe8 0-1

[Event "Tradewise Gibraltar 2014 - Masters"]
[Site "Gibraltar ENG"]
[Date "2014.02.01"]
[Round "5.9"]
[White "Xu, Jun"]
[Black "Eljanov, Pavel"]
[Result "1/2-1/2"]
[WhiteElo "2510"]
[BlackElo "2733"]
[PlyCount "98"]
[EventDate "2014.01.28"]
[EventRounds "10"]
[EventCountry "ENG"]
[Source "lmi"]
[SourceDate "2014.01.28"]

1. d4 Nf6 2. c4 e6 3. Nf3 d5 4. Bg5 h6 5. Bxf6 Qxf6 6. e3 c6 7. Nc3 g6 8. Bd3
Bg7 9. e4 dxc4 10. Bxc4 O-O 11. O-O Nd7 12. h3 b5 13. Bb3 a6 14. a4 Bb7 15.
axb5 cxb5 16. Qe2 Qe7 17. Rfd1 Qb4 18. Ba2 Nb6 19. Rd2 Rac8 20. Rad1 Nc4 21.
Bxc4 Qxc4 22. Rd3 a5 23. e5 b4 24. Ne4 Qc2 25. R1d2 Qc1+ 26. Rd1 Qc2 27. R1d2
Qc1+ 28. Rd1 Rc2 29. Rxc1 Rxe2 30. Ned2 Rd8 31. b3 Bxf3 32. Nxf3 Ra2 33. Rc7
Ra1+ 34. Kh2 Bf8 35. g3 a4 36. bxa4 Ra3 37. Re3 Rxa4 38. Kg2 Ra2 39. Rb7 Ra3
40. Re4 Raa8 41. Rf4 f5 42. exf6 Rdb8 43. Rd7 b3 44. Rg4 b2 45. Rxg6+ Kh8 46.
Ne5 b1=Q 47. Nf7+ Kh7 48. Ne5+ Kh8 49. Nf7+ Kh7 1/2-1/2

[Event "Tradewise Gibraltar 2014 - Masters"]
[Site "Gibraltar ENG"]
[Date "2014.02.01"]
[Round "5.10"]
[White "Tomashevsky, Evgeny"]
[Black "Muzychuk, Mariya"]
[Result "1/2-1/2"]
[WhiteElo "2715"]
[BlackElo "2503"]
[PlyCount "85"]
[EventDate "2014.01.28"]
[EventRounds "10"]
[EventCountry "ENG"]
[Source "lmi"]
[SourceDate "2014.01.28"]

1. d4 d5 2. c4 c6 3. Nf3 Nf6 4. e3 Bg4 5. h3 Bxf3 6. Qxf3 e6 7. Bd3 Bb4+ 8. Nc3
Nbd7 9. Bd2 O-O 10. a3 Bxc3 11. Bxc3 Re8 12. O-O e5 13. dxe5 Nxe5 14. Bxe5 Rxe5
15. Rfd1 Qe7 16. cxd5 Rxd5 17. Bc4 Rxd1+ 18. Rxd1 Rd8 19. Rxd8+ Qxd8 20. g4 h6
21. Kg2 g5 22. Qf5 Kg7 23. Qe5 Qe8 24. Qc3 c5 25. Bd5 Qe7 26. Bf3 b6 27. b4
cxb4 28. axb4 a6 29. Be2 Qa7 30. Qe5 a5 31. f4 Qa8+ 32. Bf3 Qe8 33. bxa5 bxa5
34. Qc5 gxf4 35. exf4 Qd8 36. Qe5 Kg8 37. h4 Qd2+ 38. Kg3 Nd7 39. Qe7 a4 40. g5
hxg5 41. Qxg5+ Kf8 42. Qd8+ Kg7 43. Qg5+ 1/2-1/2

[Event "Tradewise Gibraltar 2014 - Masters"]
[Site "Gibraltar ENG"]
[Date "2014.02.01"]
[Round "5.12"]
[White "Navara, David"]
[Black "Rahman, Ziaur"]
[Result "1-0"]
[WhiteElo "2702"]
[BlackElo "2499"]
[PlyCount "113"]
[EventDate "2014.01.28"]
[EventRounds "10"]
[EventCountry "ENG"]
[Source "lmi"]
[SourceDate "2014.01.28"]

1. e4 c5 2. Nf3 e6 3. d3 d5 4. Qe2 Nf6 5. e5 Nfd7 6. g3 Nc6 7. Bg2 Be7 8. O-O
g5 9. h3 h5 10. g4 hxg4 11. hxg4 Nf8 12. c3 Ng6 13. d4 Nh4 14. Be3 Nxf3+ 15.
Bxf3 Bd7 16. Nd2 Qb6 17. Nb3 c4 18. Nc5 Bxc5 19. dxc5 Qc7 20. Bxg5 Nxe5 21. Bf4
Nxf3+ 22. Qxf3 Qxc5 23. Be5 Rh7 24. Rad1 O-O-O 25. Rd4 Rg8 26. Kg2 f5 27. Rh1
Qe7 28. Bf6 Qf7 29. Rxh7 Qxh7 30. g5 Qf7 31. Kf1 Bc6 32. Qh3 Bd7 33. Qh2 f4 34.
Qxf4 Qh7 35. Kg2 Qg6 36. Qg3 Bc6 37. Qe5 Bd7 38. b3 cxb3 39. axb3 Qf7 40. Rh4
Bc6 41. Kg3 b6 42. Rh6 Kb7 43. f4 d4 44. Qxd4 e5 45. Bxe5 Rxg5+ 46. fxg5 Qf3+
47. Kh4 Qh1+ 48. Bh2 Qxh2+ 49. Kg4 Qe2+ 50. Kf4 Qf1+ 51. Ke5 Qb5+ 52. Kd6 Qxg5
53. Rh7+ Ka6 54. Qc4+ Qb5 55. Qxb5+ Bxb5 56. c4 Be8 57. b4 1-0

[Event "Tradewise Gibraltar 2014 - Masters"]
[Site "Gibraltar ENG"]
[Date "2014.02.01"]
[Round "5.15"]
[White "Sutovsky, Emil"]
[Black "Tan, Zhongyi"]
[Result "0-1"]
[WhiteElo "2663"]
[BlackElo "2483"]
[PlyCount "96"]
[EventDate "2014.01.28"]
[EventRounds "10"]
[EventCountry "ENG"]
[Source "lmi"]
[SourceDate "2014.01.28"]

1. e4 d6 2. d4 Nf6 3. Nc3 g6 4. f4 Bg7 5. Nf3 c5 6. Bb5+ Bd7 7. e5 Ng4 8. Bxd7+
Qxd7 9. h3 cxd4 10. Qxd4 Nc6 11. Qd3 Nh6 12. Be3 Nf5 13. O-O-O Nb4 14. Qe4 Nxe3
15. Qxe3 Qe6 16. Kb1 dxe5 17. a3 Nc6 18. Nd5 Rc8 19. Rhe1 O-O 20. fxe5 Rfd8 21.
Qe4 Qf5 22. Qxf5 gxf5 23. e6 h6 24. c4 Kf8 25. b4 Rd6 26. exf7 Kxf7 27. c5 Rd7
28. Ne3 Rxd1+ 29. Rxd1 Ke6 30. Nc4 Rd8 31. Re1+ Kf7 32. b5 Nd4 33. Nfe5+ Bxe5
34. Nxe5+ Kf6 35. a4 Nb3 36. c6 bxc6 37. Nxc6 Rd7 38. Kb2 Nc5 39. Ka3 Nd3 40.
Rd1 e5 41. Nxa7 e4 42. b6 e3 43. a5 e2 44. Rh1 Nb4 45. Nc6 Nxc6 46. Re1 Rd5 47.
Rxe2 Rxa5+ 48. Kb3 Rb5+ 0-1

[Event "Tradewise Gibraltar 2014 - Masters"]
[Site "Gibraltar ENG"]
[Date "2014.02.02"]
[Round "6.1"]
[White "Harikrishna, Penteala"]
[Black "Vachier-Lagrave, Maxime"]
[Result "1/2-1/2"]
[PlyCount "82"]
[EventDate "2014.01.28"]
[EventRounds "10"]
[EventCountry "ENG"]
[Source "lmi"]
[SourceDate "2014.01.28"]
[WhiteElo "2706"]
[BlackElo "2745"]

1. e4 c6 2. d3 d5 3. Nd2 e5 4. Ngf3 Bd6 5. Be2 Nf6 6. O-O O-O 7. b3 Qe7 8. Bb2
Rd8 9. c3 Nbd7 10. Re1 Nf8 11. Bf1 dxe4 12. dxe4 Ng6 13. Qc2 a5 14. Nc4 Bc5 15.
h3 Nh5 16. Red1 Rxd1 17. Rxd1 Be6 18. Ncxe5 Nxe5 19. Nxe5 Bxh3 20. Nd3 Be6 21.
Nxc5 Qxc5 22. Qd2 Nf6 23. Qd8+ Rxd8 24. Rxd8+ Qf8 25. Rxf8+ Kxf8 26. f3 a4 27.
c4 axb3 28. axb3 Nd7 29. Kf2 f6 30. Ke3 Ke7 31. Be2 c5 32. f4 b6 33. Bc3 h6 34.
g3 Nb8 35. b4 Nc6 36. bxc5 bxc5 37. Kd3 Kd6 38. Bb2 Nb4+ 39. Kc3 Nc6 40. Kd3
Nb4+ 41. Kc3 Nc6 1/2-1/2

[Event "Tradewise Gibraltar 2014 - Masters"]
[Site "Gibraltar ENG"]
[Date "2014.02.02"]
[Round "6.3"]
[White "Rapport, Richard"]
[Black "Vitiugov, Nikita"]
[Result "1/2-1/2"]
[BlackElo "2737"]
[PlyCount "152"]
[EventDate "2014.01.28"]
[EventRounds "10"]
[EventCountry "ENG"]
[Source "lmi"]
[SourceDate "2014.01.28"]
[WhiteElo "2691"]

1. d4 Nf6 2. Nf3 e6 3. Bf4 c5 4. e3 d5 5. Nc3 a6 6. a3 Nc6 7. Bd3 Bd6 8. dxc5
Bxc5 9. O-O Bd6 10. Bxd6 Qxd6 11. e4 d4 12. Ne2 e5 13. Ng3 g6 14. h3 h6 15. Bc4
Be6 16. Bxe6 Qxe6 17. Qd2 Rd8 18. a4 a5 19. Ra3 Nd7 20. Ne1 Nb6 21. Rb3 Nc4 22.
Qd1 b6 23. Nd3 O-O 24. Re1 Rb8 25. Nf1 Kg7 26. Nh2 Rfc8 27. Qc1 Ne7 28. Ng4 h5
29. Nh2 f6 30. Nf3 Nd6 31. Nd2 g5 32. Qd1 h4 33. c3 dxc3 34. Rxc3 Rxc3 35. bxc3
Rc8 36. Qc2 Ng6 37. Rb1 Nc4 38. Qa2 Qc6 39. Qxc4 Qxc4 40. Nxc4 Rxc4 41. Rxb6
Rxc3 42. Rd6 Rc4 43. Rd7+ Kg8 44. f3 Rxa4 45. Rd8+ Kf7 46. Rd7+ Ke8 47. Ra7 Ra3
48. Nc5 Ra1+ 49. Kh2 Nf4 50. Ra8+ Kf7 51. Ra7+ Kg8 52. Ra8+ Kg7 53. Ra7+ Kg8
54. Ra8+ Kf7 55. Ra7+ Ke8 56. Ra8+ Ke7 57. Ra7+ Kd6 58. Rxa5 Rd1 59. Nb3 Ne2
60. Ra2 Re1 61. Rc2 Ke7 62. Rc7+ Ke8 63. Rc8+ Kd7 64. Rc4 Rb1 65. Nc5+ Ke7 66.
Nd3 Rd1 67. Nf2 Rf1 68. Nd3 Rd1 69. Nf2 Rd2 70. Ng4 Nf4 71. Ne3 Re2 72. Rc3 Kd7
73. Kh1 Re1+ 74. Kh2 Re2 75. Kh1 Re1+ 76. Kh2 Re2 1/2-1/2

[Event "Tradewise Gibraltar 2014 - Masters"]
[Site "Gibraltar ENG"]
[Date "2014.02.02"]
[Round "6.4"]
[White "Rodshtein, Maxim"]
[Black "Navara, David"]
[Result "1/2-1/2"]
[PlyCount "92"]
[EventDate "2014.01.28"]
[EventRounds "10"]
[EventCountry "ENG"]
[Source "lmi"]
[SourceDate "2014.01.28"]
[WhiteElo "2682"]
[BlackElo "2702"]

1. Nf3 Nf6 2. c4 e6 3. d4 b6 4. g3 Bb4+ 5. Bd2 Bxd2+ 6. Qxd2 Ba6 7. b3 d5 8.
cxd5 Ne4 9. Qc2 exd5 10. Nc3 Nxc3 11. Qxc3 O-O 12. Rc1 Qe7 13. e3 Qe4 14. Be2
Rc8 15. Qc2 Bxe2 16. Kxe2 Qe6 17. Rhd1 Qh3 18. Rg1 Qe6 19. Rgd1 Qh3 20. Rg1 Qe6
21. g4 g6 22. Qf5 c5 23. Qxe6 fxe6 24. h4 Nd7 25. h5 a5 26. a4 Ra7 27. hxg6
hxg6 28. Rh1 Rac7 29. Rh6 Kg7 30. Rch1 Nf8 31. Rh8 cxd4 32. Nxd4 e5 33. Rxf8
exd4 34. Rxc8 Rxc8 35. Rd1 dxe3 36. Kxe3 Re8+ 37. Kd4 Re4+ 38. Kxd5 Rb4 39. Rd3
b5 40. axb5 Rxb5+ 41. Ke6 Rb6+ 42. Ke5 Rb5+ 43. Kf4 g5+ 44. Ke4 Rb4+ 45. Kf5
Rb5+ 46. Ke6 Rb4 1/2-1/2

[Event "Tradewise Gibraltar 2014 - Masters"]
[Site "Gibraltar ENG"]
[Date "2014.02.02"]
[Round "6.5"]
[White "Adams, Michael"]
[Black "Mareco, Sandro"]
[Result "1-0"]
[WhiteElo "2754"]
[PlyCount "93"]
[EventDate "2014.01.28"]
[EventRounds "10"]
[EventCountry "ENG"]
[Source "lmi"]
[SourceDate "2014.01.28"]
[BlackElo "2582"]

1. e4 c5 2. Nf3 d6 3. Bb5+ Nd7 4. O-O a6 5. Bd3 b5 6. c4 b4 7. a3 Bb7 8. axb4
cxb4 9. Bc2 Ngf6 10. Re1 e5 11. d4 Be7 12. c5 O-O 13. Nbd2 d5 14. exd5 Nxd5 15.
Nxe5 Nxe5 16. Rxe5 Bf6 17. Re1 Nc7 18. Nb3 Ne6 19. Na5 Bd5 20. Be3 Ra7 21. Bb3
Bxb3 22. Qxb3 Nxd4 23. Bxd4 Bxd4 24. Nc6 Qf6 25. Nxa7 Bxc5 26. Re2 Qb6 27. Qc4
Qxa7 28. Rxa6 Rd8 29. h4 Rd1+ 30. Kh2 Qb8+ 31. g3 Bf8 32. Qc6 Rd8 33. h5 h6 34.
Kg2 Rc8 35. Rb6 Qa7 36. Qxc8 Qxb6 37. Re8 Qd6 38. Rd8 Qe7 39. Re8 Qd6 40. b3
Qd5+ 41. Kg1 Qd1+ 42. Kg2 Qd5+ 43. f3 Qd2+ 44. Kh3 Qd6 45. f4 g6 46. hxg6 fxg6
47. f5 1-0

[Event "Tradewise Gibraltar 2014 - Masters"]
[Site "Gibraltar ENG"]
[Date "2014.02.02"]
[Round "6.8"]
[White "Cheparinov, Ivan"]
[Black "Lenderman, Aleksandr"]
[Result "1/2-1/2"]
[PlyCount "116"]
[EventDate "2014.01.28"]
[EventRounds "10"]
[EventCountry "ENG"]
[Source "lmi"]
[SourceDate "2014.01.28"]
[WhiteElo "2672"]
[BlackElo "2562"]

1. e4 e6 2. d4 d5 3. Nc3 Bb4 4. e5 c5 5. a3 Bxc3+ 6. bxc3 Ne7 7. Qg4 O-O 8. Bd3
Nbc6 9. Qh5 Ng6 10. Nf3 Qc7 11. Be3 c4 12. Bxg6 fxg6 13. Qg4 Qf7 14. Ng5 Qe8
15. h4 h6 16. Nh3 Ne7 17. Qe2 Nf5 18. Nf4 Bd7 19. h5 Nxe3 20. Qxe3 gxh5 21.
Nxh5 Qg6 22. Kd2 Qg5 23. Qxg5 hxg5 24. Ke3 Be8 25. Ng3 Bg6 26. Ra2 Rf7 27. a4
Raf8 28. f3 g4 29. Rf1 gxf3 30. Rxf3 b6 31. Rb2 Rxf3+ 32. gxf3 Be8 33. Ra2 g5
34. a5 b5 35. Ra1 Bg6 36. Rg1 Kf7 37. Ne2 Bxc2 38. Rxg5 Rh8 39. Kf2 Rb8 40. Ke1
b4 41. cxb4 Rxb4 42. Kd2 Bf5 43. Nc3 Rb2+ 44. Ke3 Rb3 45. Kd2 Bg6 46. a6 Rb2+
47. Ke3 Rb6 48. f4 Bd3 49. Rg1 Rxa6 50. Nb5 Ra2 51. f5 exf5 52. Nc3 Ra3 53. Nb5
Rb3 54. Nd6+ Kf8 55. Ra1 Rb1 56. Rxa7 Rf1 57. Kd2 Rf2+ 58. Ke3 Rf1 1/2-1/2

[Event "Tradewise Gibraltar 2014 - Masters"]
[Site "Gibraltar ENG"]
[Date "2014.02.02"]
[Round "6.10"]
[White "Ganguly, Surya Shekhar"]
[Black "Maze, Sebastien"]
[Result "1-0"]
[PlyCount "103"]
[EventDate "2014.01.28"]
[EventRounds "10"]
[EventCountry "ENG"]
[Source "lmi"]
[SourceDate "2014.01.28"]
[WhiteElo "2619"]
[BlackElo "2536"]

1. d4 Nf6 2. c4 e6 3. g3 Bb4+ 4. Bd2 Bxd2+ 5. Qxd2 d5 6. Nf3 c6 7. Bg2 Nbd7 8.
O-O O-O 9. Rc1 b6 10. Ne5 Bb7 11. Nc3 Qe7 12. Qe3 Rac8 13. cxd5 Nxd5 14. Nxc6
Bxc6 15. Nxd5 Bxd5 16. Bxd5 Nf6 17. Bb3 Qd7 18. Rxc8 Rxc8 19. Rc1 Rxc1+ 20.
Qxc1 g6 21. Qf4 Qd8 22. e3 a5 23. Qe5 Ng4 24. Qe4 Nf6 25. Qc6 h5 26. h4 Kg7 27.
a3 Ng4 28. Bd1 Nh6 29. Qe4 Ng8 30. Bf3 Nf6 31. Qe5 Kg8 32. Qg5 Kf8 33. Kf1 Ke8
34. Ke1 Kf8 35. Ke2 Kg7 36. Kf1 Qc7 37. Kg2 Qd6 38. Qf4 Qd8 39. Qe5 Kf8 40. Qg5
Ke8 41. Qh6 Ke7 42. Kg1 Kd7 43. e4 Ng8 44. Qg7 Ke7 45. e5 Qxd4 46. Qxg8 Qxe5
47. Bc6 Qxb2 48. Qe8+ Kd6 49. Qd7+ Ke5 50. Qc7+ Kf6 51. Be8 Qxa3 52. Qf4+ 1-0

[Event "Tradewise Gibraltar 2014 - Masters"]
[Site "Gibraltar ENG"]
[Date "2014.02.02"]
[Round "6.11"]
[White "Debashis, Das"]
[Black "Dubov, Daniil"]
[Result "1/2-1/2"]
[PlyCount "97"]
[EventDate "2014.01.28"]
[EventRounds "10"]
[EventCountry "ENG"]
[Source "lmi"]
[SourceDate "2014.01.28"]
[WhiteElo "2494"]
[BlackElo "2614"]

1. d4 f5 2. Nf3 Nf6 3. g3 g6 4. Bg2 Bg7 5. O-O O-O 6. c4 d6 7. Nc3 c6 8. Rb1 a5
9. d5 e5 10. dxe6 Bxe6 11. b3 Na6 12. Bb2 Nc5 13. e3 Qe7 14. Qe2 h6 15. Rbd1
Bf7 16. Rfe1 g5 17. Qc2 Bh5 18. a3 Ng4 19. Rd2 Ne5 20. Nxe5 dxe5 21. b4 Nd7 22.
e4 f4 23. c5 Rfd8 24. Nb1 Kh7 25. Bh3 g4 26. Bg2 Bg6 27. Red1 Nf6 28. Rxd8 Rxd8
29. Rxd8 Qxd8 30. Nd2 axb4 31. axb4 h5 32. Bf1 Bh6 33. Bd3 fxg3 34. hxg3 Bxd2
35. Qxd2 Nxe4 36. Qc2 Qd5 37. Bc4 Ng5 38. Bxd5 Bxc2 39. Bg2 Nf7 40. b5 Ba4 41.
Be4+ Kg7 42. b6 Kf6 43. f3 Ng5 44. Kf2 gxf3 45. Bxf3 Ne6 46. Ba3 Kg5 47. Ke3
Nd4 48. Bb2 Ne6 49. Ba3 1/2-1/2

[Event "Tradewise Gibraltar 2014 - Masters"]
[Site "Gibraltar ENG"]
[Date "2014.02.02"]
[Round "6.13"]
[White "Eljanov, Pavel"]
[Black "Oparin, Grigoriy"]
[Result "1/2-1/2"]
[PlyCount "85"]
[EventDate "2014.01.28"]
[EventRounds "10"]
[EventCountry "ENG"]
[Source "lmi"]
[SourceDate "2014.01.28"]
[WhiteElo "2733"]
[BlackElo "2517"]

1. Nf3 Nf6 2. g3 d5 3. Bg2 c6 4. c4 dxc4 5. O-O Nbd7 6. Na3 Nb6 7. Ne5 Be6 8.
Qc2 g6 9. Naxc4 Nxc4 10. Nxc4 Bg7 11. Rd1 O-O 12. d4 Qc8 13. e4 Rd8 14. Bf4 Bh3
15. Bh1 Ne8 16. Be5 Bxe5 17. Nxe5 Nd6 18. a4 a5 19. Rac1 Bg4 20. Re1 Be6 21.
Qc3 f6 22. Nd3 Bf7 23. Nf4 Kg7 24. Bg2 Ne8 25. e5 g5 26. Bh3 f5 27. e6 Bg6 28.
Nxg6 hxg6 29. Qe3 g4 30. Bg2 Nf6 31. Rc5 Rd6 32. d5 Qc7 33. dxc6 bxc6 34. Qc3
Ra6 35. Bf1 Ra7 36. Bc4 Qb6 37. Rce5 c5 38. b3 Rd4 39. Qe3 Qd6 40. Qg5 Nh7 41.
Qc1 Nf6 42. Qg5 Nh7 43. Qc1 1/2-1/2

[Event "Tradewise Gibraltar 2014 - Masters"]
[Site "Gibraltar ENG"]
[Date "2014.02.02"]
[Round "6.14"]
[White "Spraggett, Kevin"]
[Black "Tomashevsky, Evgeny"]
[Result "0-1"]
[PlyCount "120"]
[EventDate "2014.01.28"]
[EventRounds "10"]
[EventCountry "ENG"]
[Source "lmi"]
[SourceDate "2014.01.28"]
[WhiteElo "2544"]
[BlackElo "2715"]

1. c4 Nf6 2. Nc3 e5 3. Nf3 Nc6 4. g3 Bc5 5. Bg2 d6 6. O-O a6 7. e3 O-O 8. d4
Ba7 9. h3 h6 10. b3 Re8 11. dxe5 dxe5 12. Ba3 e4 13. Nd2 Bf5 14. Qc2 Qd7 15.
Rad1 Qe6 16. g4 Bh7 17. Ne2 Ne5 18. Nf4 Qc6 19. Bb2 Bc5 20. Nd5 Ned7 21. Rfe1
Bf8 22. Nf1 Nxd5 23. Rxd5 Nc5 24. Qc3 Qb6 25. Red1 c6 26. R5d2 a5 27. Ng3 Rad8
28. Nh5 Ne6 29. Rd7 Rxd7 30. Rxd7 Bg6 31. Ng3 Nc5 32. Rd4 Ne6 33. Rd7 Nc5 34.
Rd4 Qc7 35. Ba1 b6 36. Rd1 Qe7 37. Qd4 Qg5 38. Kf1 h5 39. gxh5 Bxh5 40. Nxh5
Qxh5 41. Rd2 f5 42. Kg1 Qf7 43. Rd1 Be7 44. Qe5 Nd3 45. Qc7 Qg6 46. Kf1 Bc5 47.
Bc3 Re6 48. Qd8+ Re8 49. Qc7 Kh7 50. Rd2 Re6 51. Qd8 Qh5 52. Re2 Rd6 53. Qc7
Rg6 54. Rd2 Qg5 55. Qh2 Qh4 56. Re2 Bd6 57. Qh1 Qh5 58. f3 Rg3 59. fxe4 f4 60.
exf4 Nxf4 0-1

[Event "Tradewise Gibraltar 2014 - Masters"]
[Site "Gibraltar ENG"]
[Date "2014.02.02"]
[Round "6.15"]
[White "Libiszewski, Fabien"]
[Black "Movsesian, Sergei"]
[Result "1/2-1/2"]
[PlyCount "61"]
[EventDate "2014.01.28"]
[EventRounds "10"]
[EventCountry "ENG"]
[Source "lmi"]
[SourceDate "2014.01.28"]
[WhiteElo "2533"]
[BlackElo "2677"]

1. e4 d6 2. Nc3 Nf6 3. d4 e5 4. dxe5 dxe5 5. Qxd8+ Kxd8 6. Bc4 Ke8 7. Nf3 Bd6
8. Bg5 Nbd7 9. O-O-O a6 10. a4 h6 11. Bh4 g6 12. Rhe1 Kf8 13. Nd5 Kg7 14. Nd2
Rb8 15. a5 Nxd5 16. Bxd5 b5 17. axb6 Nxb6 18. Nc4 Nxc4 19. Bxc4 g5 20. Bg3 a5
21. c3 a4 22. f3 Kf6 23. Kc2 Ke7 24. Bf2 Bd7 25. Ra1 Rb7 26. Reb1 Rhb8 27. Ba6
Rb3 28. Bc4 R3b7 29. Ba6 Rb3 30. Bc4 R3b7 31. Ba6 1/2-1/2

[Event "Tradewise Gibraltar 2014 - Masters"]
[Site "Gibraltar ENG"]
[Date "2014.02.03"]
[Round "7.2"]
[White "Vachier-Lagrave, Maxime"]
[Black "Rodshtein, Maxim"]
[Result "1/2-1/2"]
[PlyCount "81"]
[EventDate "2014.01.28"]
[EventRounds "10"]
[EventCountry "ENG"]
[Source "lmi"]
[SourceDate "2014.01.28"]
[WhiteElo "2745"]
[BlackElo "2682"]

1. c4 Nf6 2. Nc3 e5 3. Nf3 Nc6 4. g3 Bc5 5. Bg2 d6 6. O-O O-O 7. e3 a6 8. b3
Ba7 9. Bb2 Re8 10. Qc2 Ne7 11. h3 c6 12. Rad1 Ng6 13. e4 Bd7 14. d4 Qc8 15. Kh2
b5 16. dxe5 dxe5 17. Nb1 h6 18. c5 Bb8 19. Nc3 Be6 20. Ne2 Rd8 21. Nc1 Rxd1 22.
Rxd1 Bc7 23. Nd3 Nd7 24. Nb4 Qb7 25. Nd5 Bd8 26. Ne3 Qa7 27. h4 Bc7 28. b4 a5
29. a3 Qb8 30. Nd5 axb4 31. axb4 Bd8 32. h5 Ngf8 33. Ne3 Bc7 34. Nh4 Ra2 35.
Ra1 Rxa1 36. Bxa1 Nh7 37. Nhf5 Qa8 38. Bc3 Nhf6 39. Bf3 Kf8 40. Kg2 Qa2 41. Qd3
1/2-1/2

[Event "Tradewise Gibraltar 2014 - Masters"]
[Site "Gibraltar ENG"]
[Date "2014.02.03"]
[Round "7.7"]
[White "Tomashevsky, Evgeny"]
[Black "Adhiban, Baskaran"]
[Result "1/2-1/2"]
[PlyCount "86"]
[EventDate "2014.01.28"]
[EventRounds "10"]
[EventCountry "ENG"]
[Source "lmi"]
[SourceDate "2014.01.28"]
[WhiteElo "2715"]
[BlackElo "2590"]

1. d4 Nf6 2. c4 g6 3. Nc3 Bg7 4. e4 d6 5. f3 O-O 6. Nge2 a6 7. Be3 Nc6 8. Qd2
Na5 9. b3 b5 10. cxb5 axb5 11. Rc1 c6 12. Nf4 e5 13. dxe5 dxe5 14. Qxd8 Rxd8
15. Nd3 Nd7 16. Be2 Nf8 17. Nc5 Ne6 18. Nxe6 Bxe6 19. Kf2 Bf8 20. Rhd1 Rxd1 21.
Nxd1 Nb7 22. Rc2 Bb4 23. Kf1 Bd7 24. Nf2 Bd6 25. Ng4 Bxg4 26. fxg4 Na5 27. g5
Kf8 28. Bg4 Ke7 29. h4 b4 30. Be2 Kd7 31. Bb6 Nb7 32. Bg4+ Ke7 33. Rxc6 Rxa2
34. Be2 Na5 35. Rc8 Nxb3 36. Bd8+ Ke6 37. Bg4+ f5 38. gxf6+ Kf7 39. Rc6 Nd2+
40. Kg1 Ra1+ 41. Kh2 Nf1+ 42. Kh3 Ra3+ 43. Bf3 Rd3 1/2-1/2

[Event "Tradewise Gibraltar 2014 - Masters"]
[Site "Gibraltar ENG"]
[Date "2014.02.03"]
[Round "7.8"]
[White "Navara, David"]
[Black "Fier, Alexandr"]
[Result "1/2-1/2"]
[PlyCount "85"]
[EventDate "2014.01.28"]
[EventRounds "10"]
[EventCountry "ENG"]
[Source "lmi"]
[SourceDate "2014.01.28"]
[WhiteElo "2702"]
[BlackElo "2572"]

1. c4 g6 2. d4 Nf6 3. Nf3 Bg7 4. g3 O-O 5. Bg2 d6 6. Nc3 Nc6 7. O-O a6 8. h3
Rb8 9. e4 b5 10. d5 Na5 11. cxb5 axb5 12. b4 Nc4 13. Nd4 Bd7 14. a4 bxa4 15. b5
Nb6 16. Qd3 e6 17. dxe6 fxe6 18. Nxa4 Qe8 19. Nxb6 Rxb6 20. Ra5 Kh8 21. Qc4 e5
22. Qxc7 Qb8 23. Qxb8 Rfxb8 24. Nc6 Rxb5 25. Nxb8 Rxa5 26. Nxd7 Nxd7 27. Be3
Nc5 28. Rb1 Bf8 29. Rb8 Kg7 30. Rc8 Ra1+ 31. Kh2 Ne6 32. h4 Be7 33. Bh3 Kf7 34.
Bh6 Bf6 35. Kg2 Ra4 36. Bxe6+ Kxe6 37. f3 Ra7 38. Re8+ Re7 39. Rg8 Rd7 40. Kh3
Rd8 41. Rxd8 Bxd8 42. Kg4 d5 43. exd5+ 1/2-1/2

[Event "Tradewise Gibraltar 2014 - Masters"]
[Site "Gibraltar ENG"]
[Date "2014.02.03"]
[Round "7.9"]
[White "Li, Chao B"]
[Black "Lenderman, Aleksandr"]
[Result "1-0"]
[PlyCount "83"]
[EventDate "2014.01.28"]
[EventRounds "10"]
[EventCountry "ENG"]
[Source "lmi"]
[SourceDate "2014.01.28"]
[WhiteElo "2680"]
[BlackElo "2562"]

1. d4 e6 2. g3 c5 3. Nf3 Nf6 4. Bg2 d5 5. c4 cxd4 6. cxd5 Bb4+ 7. Nbd2 Nxd5 8.
Nxd4 Bd7 9. O-O Nc6 10. Nc4 O-O 11. Nc2 Be7 12. N2e3 Nf6 13. b3 Qc7 14. Ba3
Bxa3 15. Nxa3 Rfd8 16. Nb5 Qb6 17. Nd6 Be8 18. Nec4 Qc7 19. Qd2 Qe7 20. Rad1
Rab8 21. a4 b6 22. Qc3 Na5 23. Nxe8 Rxe8 24. Nxa5 bxa5 25. Rd3 Red8 26. Rfd1
Rxd3 27. Rxd3 Rd8 28. Qxa5 Rxd3 29. exd3 h6 30. d4 Qa3 31. Qxa7 Qxb3 32. a5
Qb1+ 33. Bf1 Ne4 34. Qa6 Nd2 35. Qe2 Qb4 36. Qb5 Qxd4 37. Qd3 Qb4 38. a6 Nxf1
39. Kxf1 Qc5 40. Qd8+ Kh7 41. Qa8 f5 42. Qb7 1-0